|
|
|
|
| LEADER |
00646ntm a2200181 i 4500 |
| 001 |
misc68967 |
| 005 |
20211018122818.0 |
| 008 |
211018s1945 hu o 0|| hun d |
| 040 |
|
|
|a SZTE Miscellanea Repozitórium
|b hun
|
| 041 |
|
|
|a hun
|
| 245 |
0 |
0 |
|a Hozzászólás a békeelőkészítő elgondolásokhoz
|h [elektronikus dokumentum] :
|b [feljegyzés]
|
| 260 |
|
|
|c 1945
|
| 300 |
|
|
|a 2
|c 31 cm
|
| 650 |
|
4 |
|a Bölcsészettudományok
|
| 650 |
|
4 |
|a Történettudomány és régészet
|
| 650 |
|
4 |
|a Történettudomány
|
| 695 |
|
|
|a Erdély története - 20. sz., Békeelőkészítés
|
| 856 |
4 |
0 |
|u http://misc.bibl.u-szeged.hu/68967/1/4355_102.pdf
|z Dokumentum-elérés
|